| 000 | 00541nam a22002177a 4500 | ||
|---|---|---|---|
| 999 |
_c9272 _d9272 |
||
| 001 | 9272 | ||
| 003 | OSt | ||
| 005 | 20180312131332.0 | ||
| 008 | 180312b1966 bg ||||| |||| 00| 0 eng d | ||
| 035 | _a(BD-JhCC)9272 | ||
| 040 |
_aBD-JhCC _dBD-JhCC |
||
| 041 | _aeng | ||
| 082 |
_a320.473 _bKHA 1966 |
||
| 100 | _aKhan, Md. Abdul Haque | ||
| 245 |
_aSubstance of Civics / _c Md. Abdul Haque Khan |
||
| 260 |
_aMymensingh : _bMullick Brothers _c1966. |
||
| 300 |
_a298 p. : _c20 cm. |
||
| 650 | _aCivics | ||
| 942 |
_2ddc _cBK |
||